000 00914nam a22003137a 4500
001 BR2016004859
003 BR-BrBNA
005 20230928105012.0
007 ta
008 230509b bl.||||| |||| 00| 0 por d
040 _aBR-BrBNA
_bpor
_cBiblioteca Nacional de Agricultura
041 _a(Por)
072 _aM40; P01
090 _ M40 BR2016004859
110 1 _aInstituto Brasileiro de Geografia e Estatística, RJ (Brasil)
_95791
245 1 _aAtlas geográfico das zonas costeiras e oceânicas do Brasil
260 3 _aRio de Janeiro, RJ (Brasil):
_c2011.
300 _a176 p.
500 _a162 illus.; Glossary p. 165-171;16 graphs.; 4 tables
650 _aECOSSISTEMA
650 _aAMBIENTE BÊNTICO
650 _aRECURSO PESQUEIRO
650 _aMAR
650 _aPROTEÇÃO AMBIENTAL
650 _aLITORAL
650 _aGEOGRAFIA
909 _a202309
_bLucia
_c55
_dLucia Elande
942 _cBK
999 _c82880
_d82880